000 00761nam a2200217Ia 4500
003 Ost
005 20260507075128.0
008 260507s9999||||xx |||||||||||||| ||und||
040 _cfsecg
041 _aara
082 _a330
100 _aأبو قحف، عبد السلام
_eمؤلف
245 0 _aإدارة الأعمال :
_bمدخل بناء المهارات /
_c عبد السلام أبو قحف
260 _aالإسكندرية:
_bالمكتب الجامعي الحديث,
_c2005
300 _a400 صفحة؛
_bإيضاحات ؛
_c25 سم
520 _aالمقدمات الأساسية-وظائف الإدارة
653 _aالإدارة
653 _aالفكر الإداري
653 _aوظائف الإدارة
942 _cكتاب
999 _c43178
_d43178